| 000 | 00343nam a22001337a 4500 | ||
|---|---|---|---|
| 008 | 171101b xxu||||| |||| 00| 0 eng d | ||
| 020 | _a9780735557901 | ||
| 041 | _aeng | ||
| 080 |
_25 ED _a33 |
||
| 100 | _a59 | ||
| 101 | _aBUS | ||
| 245 |
_aCORPORATE AND OTHER BUSSINESS ASSOCIATION CASES AND MATERIALS _cTHOMPSON.O.K |
||
| 942 |
_2udc _cBK |
||
| 999 |
_c36990 _d36990 |
||